| 000 | 00367nam a22001577a 4500 | ||
|---|---|---|---|
| 003 | OSt | ||
| 008 | 240427b |||||||| |||| 00| 0 eng d | ||
| 020 | _a9788183615310 | ||
| 082 | _a891.433 BTY | ||
| 100 | _aBHANDARI,Manu | ||
| 245 | _aYahi Sach Hai | ||
| 250 | _a9th Ed | ||
| 260 |
_aNew Delhi _bRadhakrishanan Prakashan _c2023 |
||
| 300 | _a159 | ||
| 942 |
_2ddc _cBK |
||
| 999 |
_c12558 _d12558 |
||